• 首页
  • 本馆介绍
  • 公告通知
  • 最新文献
  • 馆藏检索
  • 电子资源
  • 读者导购
  • 参考咨询
  • 我的图书馆
  • 登录
  • 详细信息显示
  • 放入我的书架
  • 预约/预借图书
  • 作者相关作品
  • 分类相关作品
  • 丛书相关作品
  • 出版社相关作品

书目信息

  • 表格格式
  • 工作单格式
  • 卡片格式
题名:
专用半导体器件
    
 
作者: ;上海无线电十七厂 译
分册:  
出版信息: 北京   科学出版社  1972
页数: 188页
开本: 20cm
丛书名:
单 册:
中图分类: N36
科图分类:
主题词: 自然科学--组织管理 , 自然科学--生产管理
电子资源:
ISBN:
000 00624nam0 2200205 450
001 0638912249
005 20060425153428.10
010    @dCNY0.40
100    @a20060331d1972 km y0chiy0120 ea
101 0  @achi
102    @aCN@b110000
200 1  @a专用半导体器件@Azhuan yong ban dao ti qi jian@f上海无线电十七厂译@Fshang hai wu xian dian shi qi chang yi
210    @a北京@c科学出版社@d1972
215 1  @a188页@d20cm
606 0  @a自然科学@x组织管理
606 0  @a自然科学@x生产管理
690    @aN36@v4
711  0 @a上海无线电十七厂@Ashang hai wu xian dian shi qi chang@4译
801  0 @aCN@bPFT@c20060425
905    @a10447@dN36@e10
    
    专用半导体器件/上海无线电十七厂译.-北京:科学出版社,1972
    188页;20cm
    
    
    ISBN :CNY0.40
    
●
相关链接 在E读中查询图书 在五车中查询图书 在当当中查询图书 在豆瓣中查询图书


正题名:专用半导体器件     索取号:N36/10         预约/预借

序号 登录号 条形码 馆藏地/架位号 状态 备注
1 0015936   202212943   密集书库/ [索取号:N36/10] 在馆    
2 0015937   202288158   密集书库/ [索取号:N36/10] 在馆    
唐山师范学院图书馆 欢迎您!
大连网信软件有限公司© 版权所有